000 00897nam a2200253Ia 4500
003 GCL
008 140319s9999 xx 000 0 ara d
020 _a5095305977
040 _aGCL /
_cGCL
082 0 4 _a861
_bغ ث
100 1 _aغومس، اميليوغرسية
245 1 0 _aثلاث دراسات عن الشعر الاندلسى /
_cغومس، اميليوغرسية
700 1 _aالونسو، داماسو
700 1 _aبيجيرا، ماريا خيسوس
700 1 _aمحمود مكى
260 _aالقاهرة :
_bالمجلس الاعلى للثقافة
300 _a177 ص ؛
_c24 سم
490 _aالمشروع القومى للترجمة
_v108
650 0 4 _aالشعر العربى
650 0 4 _aالادب العربى
650 0 4 _aالاندلس
650 0 4 _aالادب العربى - تاريخ ونقد - العصر الاندلسى
942 _2ddc
_cBK
999 _c4471
_d4471